000 00582nam a2200217Ia 4500
005 20241129105914.0
008 241129s9999||||xx |||||||||||||| ||und||
020 _a978-1-83976-047-1
037 _aTB
040 _aARTS
_beng
_cARTS
041 _aeng
_2eng
084 _aG:55 R1
_qARTS
100 _aBould Mark Au.
_9726619
245 0 _aAnthropocene unconscious: climate catastrophe culture
_cBould Mark Au.
260 _aUK
_bVerso
_c2021
300 _axii,160p.
365 _aUKP
_b12.99
650 _aBiology
942 _cTB
_hG:55 R1
999 _c1226525
_d1226525